000 00442nam a2200157Ia 4500
008 160316s2002 xxu||||| |||| 00| 0 eng d
082 _a345.050000
_bCOM
100 _a
245 _aJuvenile Justice (Care & Protection of Children) Act, 2000
250 _a
260 _aNew Delhi
_bCommercial Law Publiher
_c2002
300 _a24
_b
_c
365 _b25
650 _a1. Juvenile Justice 2. Care and Protection 3. Act, 2000
700 _a
_a
999 _c34284
_d34284